| 000 | 00356nam a2200133Ia 4500 | ||
|---|---|---|---|
| 003 | PILC | ||
| 008 | 220421s2003 xx 000 0 und d | ||
| 040 | _cEARIST LIBRARY | ||
| 100 |
_aAndres, Dr. Tomas Quintin _91073 |
||
| 245 | 0 | _aProduction Management in the Philippine Setting / | |
| 260 |
_aManila, _bRex : _c2003. |
||
| 999 |
_c2497 _d2497 |
||
| 942 |
_2ddc _cBK |
||